| 000 | 00332nam a2200133Ia 4500 | ||
|---|---|---|---|
| 008 | 230917s9999||||xx |||||||||||||| ||und|| | ||
| 040 |
_e160638 _aMAIN |
||
| 041 | _aEnglish | ||
| 082 | _a370 S21J | ||
| 100 | _aSheoran, Santosh | ||
| 245 | 0 | _aJain darshan mein moksha prapti ke sadhan: Ek adhayayan | |
| 300 | _a69 p. | ||
| 942 | _cTH | ||
| 999 |
_c89410 _d89410 |
||